| 000 | 00611nam a2200205Ia 4500 | ||
|---|---|---|---|
| 003 | IN-BaIIA | ||
| 008 | 211028s9999 xx 000 0 eng d | ||
| 020 | _a3-540-66016-X | ||
| 040 | _cIIA Library | ||
| 080 |
_a52-77 _bROH |
||
| 100 |
_aRohlfs, K _910284 |
||
| 245 | 0 |
_aTools of radio astronomy _cK. Rohlfs and Wilson, T. L |
|
| 250 | _a3rd rev. ed. | ||
| 260 |
_aBerlin _bSpringer-Verlag _c2000 |
||
| 300 | _axvi, 441p. | ||
| 490 | _aAstronomy and astrophysics library | ||
| 650 |
_aRadio astronomy _92849 |
||
| 700 |
_aWilson, T. L _924068 |
||
| 942 | _cBK | ||
| 999 |
_c13698 _d13698 |
||